Kreisfreie Städte Deutschlands, die mit 'g' enden - Statistiken

Allgemein
  • Dieses Quiz wurde 27 mal gespielt
  • Das Durchschnittsergebnis liegt bei 11 aus 20
Antwortstatistiken
Antwort % Korrekt
Augsburg
80%
Duisburg
75%
Hamburg
75%
Magdeburg
75%
Nürnberg
75%
Regensburg
75%
Braunschweig
65%
Freiburg im Breisgau
65%
Würzburg
65%
Leipzig
60%
Wolfsburg
60%
Bamberg
55%
Heidelberg
55%
Oldenburg (Oldenburg)
55%
Coburg
45%
Aschaffenburg
40%
Brandenburg an der Havel
40%
Amberg
30%
Flensburg
30%
Straubing
15%
Keine übereinstimmenden Quizze gefunden
Verteilung der Resultate
Anzahl Personen mit jedem Resultat
Perzentil nach korrekt beantworteten Fragen
Ihre Resultats-Entwicklung
Sie haben dieses Quiz noch nicht gespielt